Movies Quiz

Random Movies or Actor Quiz

4+ Oscar Acting Oscar Noms Quiz Stats

 Plays Quiz Updated Jan 14, 2020

Support Sporcle.
Go Orange.
Score 0/37 Timer 08:00
0 Plays Today
Year Films % Correct
1972The Godfather
87.7%
1976Rocky
82.5%
2002Chicago
79.9%
1939Gone With the Wind
78.5%
2012Silver Linings Playbook
77.8%
2013American Hustle
77%
1974The Godfather Part II
76.3%
1979Kramer vs. Kramer
66.1%
2008Doubt
58.1%
1954On the Waterfront
56.9%
1967Bonnie and Clyde
52.5%
1951A Streetcar Named Desire
51.7%
1983Terms of Endearment
50.8%
1976Network
46.1%
1981Reds
40.7%
1967Guess Who's Coming to Dinner
40.3%
1953From Here to Eternity
35.8%
1978Coming Home
34.8%
1966Who's Afraid of Virginia Woolf?
30.9%
Year Films % Correct
1961The Hustler
30.4%
1950Sunset Boulevard
30.3%
1971The Last Picture Show
29.9%
1950All About Eve
29.9%
1977Julia
23.8%
1942Mrs. Miniver
18.8%
1963Tom Jones
18%
1961Judgment at Nuremberg
17.2%
1977The Turning Point
16.8%
1958The Defiant Ones
13.2%
1947Gentleman's Agreement
12.8%
1943For Whom the Bell Tolls
9.4%
1965Othello
9.2%
1957Peyton Place
9%
1936My Man Godfrey
8.8%
1948Johnny Belinda
8.7%
1943The Song of Bernadette
8.6%
1948I Remember Mama
6.8%

From the Vault

Harry Potter S-P-O-R-C-L-E Challenge

by sproutcm

Harry Potter jokes always have us Rowling on the floor laughing.
Remove Ads.
Support Sporcle.
Get the best of Sporcle when you Go Orange. This ad-free experience offers more features, more stats, and more fun while also helping to support Sporcle. Thank you for becoming a member.

Show Comments

Extras

Top Quizzes Today


Score Distribution

Your Account Isn't Verified!

In order to create a playlist on Sporcle, you need to verify the email address you used during registration. Go to your Sporcle Settings to finish the process.

Report this User

Report this user for behavior that violates our Community Guidelines.

Details: